000 00735nam a2200253 i 4500
001 bg
100 1 _aAntoszkiewicz, Jan D.
_d(1937- ).
245 0 _aMetody heurystyczne /
_cJan Antoszkiewicz.
260 _aWarszawa :
_bPaństw. Wydaw. Ekonomiczne,
_c1982.
300 _a274, [1] s. ;
_c21 cm.
490 1 _aMetody i Techniki Organizatorskie
650 9 _aHeurystyka
_xmetody
650 9 _aOrganizacja
_xmetody
650 9 _aZarządzanie
_xmetody
655 _aPodręczniki akademickie
830 _aMetody i Techniki Organizatorskie
020 _a8320802067
040 _cBPK
041 _apol
080 _a65.01:167/168](075.8)
920 _a83-208-0206-7
942 _cKS
008 s pl f |000 0 pol
999 _c20716
_d20716
856 _uhttp://koha.tu.koszalin.pl/cgi-bin/koha/opac-detail.pl?biblionumber=20716
_yKatalog online BPK